000 00627nam a2200241Ia 4500
005 20260430150623.0
008 008 250103s9999 xx 000 0 eng d
037 _aTheses
040 _aCRL
040 _beng
040 _ceng
041 _2eng
041 _aeng
084 _qCRL
100 _aRuchi Au.; Gandhi Haneet Gu.
_91238022
245 0 _aProcess-Oriented Mathematics Lesson Planning: A Design-Based Study
260 _c2024
300 _a261p.
650 _aEducation
700 _aUniversity of Delhi. Fculty of Education. Deptt. of Education
_91238018
942 _cTH
999 _c1850227
_d1850227